[Event "82nd Tata Steel Qualifiers 2020"]
[Site "Wijk aan Zee"]
[Date "2020.01.25"]
[Round "8.1"]
[White "Zwirs, Nico"]
[Black "Beerdsen, Thomas"]
[Result "1-0"]
[WhiteElo "2418"]
[BlackElo "2495"]
[Annotator "ChessBase"]
[PlyCount "121"]
[EventDate "2020.01.18"]
[EventCountry "NED"]
[SourceTitle "playchess.com"]
[Source "ChessBase"]
[SourceQuality "1"]
[TimeControl "40/6000+30:20/3000+30:900+30"]

1. e4 {[%emt 0:00:00]} c5 {[%emt 0:00:00]} 2. Nf3 {[%emt 0:00:00]} d6 {[%emt 0:00:00]} 3. d4 {[%emt 0:01:24]} cxd4 {[%emt 0:00:00]} 4. Nxd4 {[%emt 0:00:05]} Nf6 {[%emt 0:00:00]} 5. Nc3 {[%emt 0:00:54]} a6 {[%emt 0:00:00]} 6. Bg5 {[%emt 0:05:56]} Nbd7 {[%emt 0:00:42]} 7. f4 {[%emt 0:03:05]} Qa5 {[%emt 0:03:48]} 8. Qd3 {[%emt 0:04:12]} e6 {[%emt 0:10:09]} 9. O-O-O {[%emt 0:05:13]} Be7 {[%emt 0:03:45]} 10. Be2 {[%emt 0:07:37]} h6 {[%emt 0:06:23]} 11. Bxf6 {[%emt 0:08:51]} Nc5 {[%emt 0:04:28]} 12. Qd2 {[%emt 0:21:09]} Bxf6 {[%emt 0:00:37]} 13. Kb1 {[%emt 0:00:03]} O-O {[%emt 0:07:13]} 14. Bf3 {[%emt 0:06:17]} Bd7 {[%emt 0:08:37]} 15. Nd5 {[%emt 0:04:10]} Bd8 {[%emt 0:02:46]} 16. Qxa5 {[%emt 0:02:01]} Bxa5 {[%emt 0:00:08]} 17. Ne3 {[%emt 0:01:03]} Rfd8 {[%emt 0:05:26]} 18. c3 {[%emt 0:10:29]} Bc7 {[%emt 0:02:15]} 19. g3 {[%emt 0:01:02]} Rab8 {[%emt 0:06:24]} 20. Rd2 {[%emt 0:11:02]} b5 {[%emt 0:03:02]} 21. Rhd1 {[%emt 0:01:43]} a5 {[%emt 0:05:13]} 22. b3 {[%emt 0:00:31]} Rdc8 {[%emt 0:01:21]} 23. h4 {[%emt 0:06:59]} Bd8 {[%emt 0:02:10]} 24. h5 {[%emt 0:00:01]} Bf6 {[%emt 0:02:24]} 25. Ng4 {[%emt 0:01:13]} Be7 {[%emt 0:00:52]} 26. Nf2 {[%emt 0:00:55]} b4 {[%emt 0:02:47]} 27. c4 {[%emt 0:01:17]} Bf6 {[%emt 0:18:44]} 28. Ne2 {[%emt 0:02:36]} a4 {[%emt 0:03:08]} 29. Nc1 {[%emt 0:00:07]} axb3 {[%emt 0:01:47]} 30. axb3 {[%emt 0:00:01]} Bc3 {[%emt 0:02:08]} 31. Rxd6 {[%emt 0:00:15]} Bc6 {[%emt 0:01:00]} 32. Kc2 {[%emt 0:01:53]} e5 {[%emt 0:01:16]} 33. Ne2 {[%emt 0:01:20]} Ra8 {[%emt 0:01:00]} 34. Nxc3 {[%emt 0:00:23]} bxc3 {[%emt 0:00:04]} 35. Kxc3 {[%emt 0:01:07]} Nxb3 {[%emt 0:01:13]} 36. fxe5 {[%emt 0:01:39]} Nc5 {[%emt 0:01:12]} 37. Bg4 {[%emt 0:00:13]} Rcb8 {[%emt 0:03:32]} 38. Rxc6 {[%emt 0:00:58]} Ra3+ {[%emt 0:00:05]} 39. Kd2 {[%emt 0:00:35]} Rb2+ {[%emt 0:00:44]} 40. Ke1 {[%emt 0:00:04]} Rxg3 {[%emt 0:00:31]} 41. Rd8+ {[%emt 0:12:41]} Kh7 {[%emt 0:10:04]} 42. Bf5+ {[%emt 0:00:06]} g6 {[%emt 0:00:04]} 43. hxg6+ {[%emt 0:01:41]} Kg7 {[%emt 0:00:18]} 44. Rd2 {[%emt 0:02:26]} Rb1+ {[%emt 0:01:11]} 45. Ke2 {[%emt 0:17:54]} Nb3 {[%emt 0:01:23]} 46. Rc7 {[%emt 0:03:32]} Nxd2 {[%emt 0:07:10]} 47. Rxf7+ {[%emt 0:00:29]} Kg8 {[%emt 0:05:04]} 48. Be6 {[%emt 0:00:16]} Rxg6 {[%emt 0:00:44]} 49. Rf6+ {[%emt 0:00:15]} Kg7 {[%emt 0:00:05]} 50. Rxg6+ {[%emt 0:00:05]} Kxg6 {[%emt 0:00:04]} 51. Kxd2 {[%emt 0:00:09]} Rb2+ {[%emt 0:01:32]} 52. Ke3 {[%emt 0:00:17]} Rc2 {[%emt 0:00:09]} 53. Nh3 {[%emt 0:01:04]} Kg7 {[%emt 0:00:38]} 54. Nf4 {[%emt 0:00:33]} Kf8 {[%emt 0:00:17]} 55. Ng6+ {[%emt 0:02:20]} Kg7 {[%emt 0:00:06]} 56. Nh4 {[%emt 0:00:41]} h5 {[%emt 0:00:31]} 57. Kf4 {[%emt 0:00:56]} Kh6 {[%emt 0:00:22]} 58. Bd5 {[%emt 0:01:14]} Rf2+ {[%emt 0:00:10]} 59. Kg3 {[%emt 0:00:44]} Rf8 {[%emt 0:00:24]} 60. e6 {[%emt 0:00:16]} Rg8+ {[%emt 0:00:41]} 61. Kh3 {[%emt 0:15:20]} 1-0

[Event "82nd Tata Steel Qualifiers 2020"]
[Site "Wijk aan Zee"]
[Date "2020.01.25"]
[Round "8.2"]
[White "Pijpers, Arthur"]
[Black "Vogel, Roven"]
[Result "1/2-1/2"]
[WhiteElo "2480"]
[BlackElo "2465"]
[Annotator "ChessBase"]
[PlyCount "119"]
[EventDate "2020.01.18"]
[EventCountry "NED"]
[SourceTitle "playchess.com"]
[Source "ChessBase"]
[SourceQuality "1"]
[TimeControl "40/6000+30:20/3000+30:900+30"]

1. e4 {[%emt 0:00:00]} c5 {[%emt 0:00:00]} 2. Nc3 {[%emt 0:00:00]} Nc6 {[%emt 0:00:06]} 3. Nge2 {[%emt 0:00:00]} d6 {[%emt 0:00:23]} 4. d4 {[%emt 0:00:00]} cxd4 {[%emt 0:00:09]} 5. Nxd4 {[%emt 0:00:00]} Nf6 {[%emt 0:00:13]} 6. Bg5 {[%emt 0:00:00]} e6 {[%emt 0:00:13]} 7. Qd2 {[%emt 0:00:00]} a6 {[%emt 0:00:09]} 8. O-O-O {[%emt 0:00:04]} Bd7 {[%emt 0:00:09]} 9. f4 {[%emt 0:00:06]} Be7 {[%emt 0:00:29]} 10. Nf3 {[%emt 0:00:08]} b5 {[%emt 0:00:31]} 11. Bxf6 {[%emt 0:00:07]} gxf6 {[%emt 0:00:12]} 12. Kb1 {[%emt 0:00:39]} b4 {[%emt 0:00:45]} 13. Ne2 {[%emt 0:02:23]} h5 {[%emt 0:00:09]} 14. f5 {[%emt 0:08:56]} e5 {[%emt 0:00:23]} 15. Nc1 {[%emt 0:00:33]} Qb6 {[%emt 0:04:31]} 16. Bc4 {[%emt 0:01:06]} Na5 {[%emt 0:00:48]} 17. Qd5 {[%emt 0:08:32]} Nxc4 {[%emt 0:00:12]} 18. Qxa8+ {[%emt 0:02:01]} Bd8 {[%emt 0:00:09]} 19. Qd5 {[%emt 0:02:33]} Ne3 {[%emt 0:00:42]} 20. Qxd6 {[%emt 0:01:38]} Nxd1 {[%emt 0:01:11]} 21. Rxd1 {[%emt 0:00:18]} Qxd6 {[%emt 0:04:24]} 22. Rxd6 {[%emt 0:00:05]} Bb5 {[%emt 0:03:12]} 23. Nd3 {[%emt 0:11:06]} a5 {[%emt 0:15:03]} 24. Nf2 {[%emt 0:31:21]} Rg8 {[%emt 0:02:28]} 25. g3 {[%emt 0:00:14]} Ke7 {[%emt 0:00:40]} 26. Rd5 {[%emt 0:03:45]} Bc6 {[%emt 0:01:48]} 27. Rd2 {[%emt 0:01:07]} Bb6 {[%emt 0:00:34]} 28. Re2 {[%emt 0:04:53]} Bxf2 {[%emt 0:02:22]} 29. Rxf2 {[%emt 0:00:04]} Bxe4 {[%emt 0:00:19]} 30. Nd2 {[%emt 0:01:05]} Bd5 {[%emt 0:01:34]} 31. Nf1 {[%emt 0:04:04]} Kd6 {[%emt 0:20:28]} 32. Ne3 {[%emt 0:01:34]} Kc5 {[%emt 0:00:12]} 33. Kc1 {[%emt 0:14:55]} Kd4 {[%emt 0:04:11]} 34. Kd2 {[%emt 0:00:05]} Bxa2 {[%emt 0:03:24]} 35. b3 {[%emt 0:00:07]} a4 {[%emt 0:00:53]} 36. bxa4 {[%emt 0:03:17]} Ra8 {[%emt 0:00:58]} 37. h4 {[%emt 0:08:41]} Rxa4 {[%emt 0:08:31]} 38. g4 {[%emt 0:00:20]} b3 {[%emt 0:09:34]} 39. cxb3 {[%emt 0:00:11]} Bxb3 {[%emt 0:00:08]} 40. gxh5 {[%emt 0:02:04]} Ra2+ {[%emt 0:05:11]} 41. Ke1 {[%emt 0:50:04]} Ra8 {[%emt 0:50:10]} 42. Ng4 {[%emt 0:00:00]} Ra1+ {[%emt 0:00:00]} 43. Kd2 {[%emt 0:00:00]} Rd1+ {[%emt 0:00:00]} 44. Ke2 {[%emt 0:00:00]} Rh1 {[%emt 0:00:00]} 45. Rh2 {[%emt 0:00:00]} Ra1 {[%emt 0:00:00]} 46. Kf2 {[%emt 0:00:00]} Bd1 {[%emt 0:03:41]} 47. Nxf6 {[%emt 0:00:00]} Ra6 {[%emt 0:01:27]} 48. Rh1 {[%emt 0:00:00]} Rxf6 {[%emt 0:04:18]} 49. Rxd1+ {[%emt 0:00:00]} Ke4 {[%emt 0:00:07]} 50. Kg3 {[%emt 0:00:00]} Kxf5 {[%emt 0:00:11]} 51. Rf1+ {[%emt 0:00:00]} Ke6 {[%emt 0:00:06]} 52. Ra1 {[%emt 0:00:00]} Ke7 {[%emt 0:01:36]} 53. Re1 {[%emt 0:06:02]} Rf5 {[%emt 0:01:56]} 54. h6 {[%emt 0:00:44]} Kf6 {[%emt 0:00:32]} 55. Kg4 {[%emt 0:01:11]} Rf4+ {[%emt 0:00:51]} 56. Kh5 {[%emt 0:00:32]} Rf5+ {[%emt 0:01:27]} 57. Kg4 {[%emt 0:00:04]} Kg6 {[%emt 0:00:18]} 58. h7 {[%emt 0:00:14]} Rf4+ {[%emt 0:00:16]} 59. Kg3 {[%emt 0:00:05]} Kxh7 {[%emt 0:00:05]} 60. Rxe5 {[%emt 0:00:04]} 1/2-1/2

[Event "82nd Tata Steel Qualifiers 2020"]
[Site "Wijk aan Zee"]
[Date "2020.01.25"]
[Round "8.3"]
[White "Slingerland, Fred"]
[Black "Suleymanli, Aydin"]
[Result "0-1"]
[WhiteElo "2333"]
[BlackElo "2473"]
[Annotator "TA"]
[PlyCount "112"]
[EventDate "2020.01.18"]
[EventCountry "NED"]
[SourceTitle "playchess.com"]
[Source "ChessBase"]
[SourceQuality "1"]

{[%evp 21,112,3,12,0,0,0,8,8,8,0,8,7,3,0,6,-11,3,8,0,0,0,0,0,0,3,-23,0,-47,-47,-113,-109,-110,-114,-112,-22,-8,0,0,0,0,0,0,0,0,0,0,0,0,0,-7,-7,-12,-3,-3,-3,-1,0,-8,-8,-8,-8,-8,-8,-12,-8,-8,-8,-13,-8,-8,0,0,0,-66,-77,-70,-77,-380,-364,-379,-362,-350,-268,-533,-505,-587,-574,-889,-844,-5306,-5306,-5110,-5057]} 1. e4 c6 2. d4 d5 3. Nc3 dxe4 4. Nxe4 Bf5 5. Ng3 Bg6 6. Nh3 e6 7. Nf4 Bd6 8. Nxg6 hxg6 9. c3 Nf6 10. Qf3 Nbd7 11. Bc4 Qc7 12. Bg5 {B18: Classical Caro-Kann: 4...Bf5 sidelines.} c5 13. Bb5 O-O 14. Bxd7 {The position is equal.} Nxd7 15. dxc5 Nxc5 16. O-O {[#]} f6 $146 ({Predecessor:} 16... Be7) 17. Be3 f5 18. Bg5 Rfe8 19. Rad1 Bf8 20. Rd2 e5 21. Qd5+ Ne6 22. h4 Qf7 23. Re1 Rac8 24. Qb3 ({Avoid the trap} 24. Rxe5 $2 Rc5 $19) 24... e4 25. Red1 (25. Nf1 $15) 25... Nxg5 $17 26. hxg5 Qxb3 27. axb3 {[%cal Ba2b3,Bb3b4][%mdl 32] [#]} e3 (27... Be7 $1 $17 28. Rd7 Rcd8) 28. fxe3 $11 Bc5 29. Nf1 f4 30. b4 Bb6 (30... fxe3 $5 31. Re2 $8 Bb6 $11) 31. Re2 Rc7 {[%cal Rf4e3]} 32. Rd3 fxe3 33. b3 a5 34. bxa5 $1 Bxa5 35. c4 Bb6 36. g3 Re5 37. Kg2 Rxg5 38. Nxe3 {[#] Strongly threatening Nd5.} Re7 39. b4 Bc7 40. g4 Rge5 41. Kf2 Re4 42. Ra2 Rf7+ 43. Kg2 g5 44. Rc2 g6 45. b5 Bf4 46. Kf3 Re8 {Hoping for ...Bxe3+.} 47. Nd5 (47. Nd1 $11) 47... Bd6+ $15 48. Kg2 {White wants to play c5.} Re4 49. Rg3 $2 {[%mdl 8192]} (49. Ne3 $17 Bc5 50. Nd1) 49... Bxg3 $19 50. Kxg3 {[%mdl 4096] Endgame If only White now had time for c5.... KRR-KRN} Rd4 51. Rc3 Kg7 52. Nb6 $2 (52. Ne3) 52... Rff4 {Black is clearly winning.} 53. c5 Rxg4+ 54. Kf2 Rdf4+ 55. Rf3 Rxf3+ 56. Kxf3 Rb4 {Accuracy: White = 66%, Black = 93%.} 0-1

[Event "82nd Tata Steel Qualifiers 2020"]
[Site "Wijk aan Zee"]
[Date "2020.01.25"]
[Round "8.4"]
[White "De Boer, Eelke"]
[Black "Van Dael, Siem"]
[Result "1-0"]
[WhiteElo "2324"]
[BlackElo "2252"]
[Annotator "TA"]
[PlyCount "93"]
[EventDate "2020.01.18"]
[EventCountry "NED"]
[SourceTitle "playchess.com"]
[Source "ChessBase"]
[SourceQuality "1"]

{[%evp 17,93,5,41,49,22,-3,7,0,6,-11,-13,-6,16,0,14,18,35,38,42,18,48,60,45,27,20,16,22,12,61,50,117,49,39,38,117,111,123,125,160,163,164,162,144,138,179,109,113,77,242,174,167,156,156,154,192,162,191,189,179,167,300,268,251,254,254,243,234,194,201,202,1737,1662,1339,1180,1125,1078,1706,1054]} 1. e4 c5 2. Nf3 d6 3. d4 cxd4 4. Nxd4 Nf6 5. Nc3 g6 6. Be2 Bg7 7. O-O O-O 8. Bg5 Nc6 9. Nb3 h6 10. Bh4 {B70: Sicilian Dragon: 6 g3 and 6 Be2 (without a later Be3).} a6 11. a4 Be6 12. Kh1 {[#] The position is equal.} Nd7 $146 ({Predecessor:} 12... g5 13. Bg3 d5 14. Nc5 d4 15. Nb1 Bc8 16. Nd2 e5 17. Nd3 Qe7 18. f3 Nh5 19. Nc4 {0-1 (42) Timmerman,G (2320)-Smirin,I (2615) Antwerp 1994}) 13. Rb1 Bxb3 14. cxb3 Rb8 15. f4 Nc5 16. Bf3 Ne6 17. Nd5 g5 18. fxg5 hxg5 19. Bf2 Ned4 20. Be3 e6 21. Nc3 Be5 22. Bh5 f5 23. exf5 $1 exf5 (23... Rxf5 $14 24. Qg4 Qf6 25. Rxf5 exf5 26. Qxg5+ Qxg5 27. Bxg5 Kg7) 24. Ne2 ({Better is} 24. Nd5 $16) 24... Ne6 $14 25. Qd5 $36 {[%mdl 2048] White is more active.} Qd7 (25... Qf6 $14) 26. Bxg5 $1 $16 Nb4 {[#]} 27. Qc4 $1 b5 28. axb5 ({But not} 28. Qxb4 $6 Nxg5 29. Qh4 Qg7 $16) 28... axb5 29. Qh4 Nd5 30. Bf3 Nf6 31. Bxf6 ({White should try} 31. Nf4 $18 {aiming for Bxf6.} Nxf4 32. Bxf4) 31... Rxf6 32. Bd5 {[#] Strongly threatening Nf4.} Kg7 $2 (32... Qh7 $16 33. Qxh7+ Kxh7) 33. Bxe6 Qxe6 34. Nf4 Bxf4 35. Rxf4 Rh8 36. Qg5+ Kf7 37. Rbf1 Qe2 {White must now prevent ...Rg8.} 38. R4f2 Qd3 (38... Qh5 $142 39. Qg3 Qh4 40. Qxh4 Rxh4 41. Rxf5 Rxf5 42. Rxf5+ Ke6 43. Rxb5 d5) 39. h3 Qe4 {intending ...Rxh3+.} 40. Rf3 ({Don't take} 40. Rxf5 Rxh3+ 41. Kg1 Qd4+ 42. R5f2 Rh1+ 43. Kxh1 Rxf2 $18) 40... Rg8 41. Qd2 Re8 42. Rf4 Qe5 43. Qd3 {[%cal Rf4f5]} Qxb2 $2 (43... Qe2 44. Qd5+ Kg7 45. Rxf5 Re5 46. Qb7+ (46. Rg5+ $2 Rxg5 47. Qxg5+ Rg6 $19) 46... Re7) 44. Rxf5 $18 {White is clearly winning.} Ree6 45. Rxf6+ Rxf6 46. Qh7+ Ke6 47. Qg8+ {Accuracy: White = 73%, Black = 57%.} 1-0

[Event "82nd Tata Steel Qualifiers 2020"]
[Site "Wijk aan Zee"]
[Date "2020.01.25"]
[Round "8.5"]
[White "Beukema, Stefan"]
[Black "Akash G"]
[Result "1-0"]
[WhiteElo "2389"]
[BlackElo "2461"]
[Annotator "TA"]
[PlyCount "87"]
[EventDate "2020.01.18"]
[EventCountry "NED"]
[SourceTitle "playchess.com"]
[Source "ChessBase"]
[SourceQuality "1"]

{[%evp 12,87,20,10,10,10,23,16,10,19,15,13,23,17,31,0,12,-4,-16,-45,-54,-62,-48,-71,-67,-64,-74,-102,-104,-103,-64,-31,0,0,0,0,0,0,0,-29,126,127,150,131,233,264,599,87,82,78,475,587,598,587,579,574,543,491,857,857,859,856,849,769,1075,1039,885,883,6395,6238,5297,2054,5906,5397,29962,29970,29970,29964]} 1. e4 e5 2. Nf3 Nc6 3. Bb5 a6 4. Ba4 Nf6 5. O-O Be7 6. d3 d6 7. c4 O-O {C84: Closed Ruy Lopez: Unusual White 6th moves.} 8. h3 Nd7 9. Nc3 Nc5 {The position is equal.} 10. Bxc6 bxc6 11. d4 exd4 12. Nxd4 Bd7 {[#]} 13. Re1 $146 ({Predecessor:} 13. Bf4 Ne6 14. Be3 Nxd4 15. Qxd4 Be6 16. b3 Qd7 17. Rad1 f5 18. e5 c5 19. Qd2 {½-½ (31) Kobalia,M (2596)-Jakovenko,D (2710) Sochi 2017}) 13... Bf6 14. Bf4 Re8 15. Bg3 Qb8 16. b3 Qb6 17. Rc1 a5 18. Qd2 a4 19. Rcd1 axb3 20. axb3 Be5 21. Re3 Rab8 22. Bxe5 $1 dxe5 23. Nc2 Qxb3 24. Rg3 Qxc4 {Strongly threatening ...Rb3.} 25. Ne3 (25. Qh6 $5 g6 26. Ne3 $11) 25... Qb4 $2 {[#]} (25... Qb3 $1 $11) 26. Ned5 $1 $16 {[%mdl 512]} cxd5 27. Qh6 $1 {[%csl Gg3][%cal Rh6g7] [#]} Ne6 (27... Bg4 $1 $16 {keeps fighting.} 28. Rxg4 Ne6 29. Nxd5 Red8) 28. Nxd5 $18 Qa4 $2 {[#]} (28... Kh8 29. Rxg7 Nxg7) 29. Nf6+ $2 $40 {[%mdl 128] White has strong attack.} (29. Rxg7+ $1 $18 {[%mdl 512]} Nxg7 30. Nf6+ {[%mdl 64] Double Attack, Discovered Attack} Kf8 31. Nxh7+ Kg8 32. Nf6+ {[%mdl 64] Double Attack} Kf8 33. Nh7+ Kg8 34. Nf6+ {[%mdl 64] Double Attack} Kf8 35. Nxd7+ Kg8 36. Nf6+ {[%mdl 64] Double Attack} Kf8 {[#]} 37. Rd7 $1 {[%mdl 512]} Rb1+ 38. Kh2 $1 {[%mdl 512]} Qxd7 {[%mdl 64] Remove Defender} 39. Nxd7+ Ke7 40. Nxe5) 29... Kf8 $16 {[#]} 30. Rxd7 $1 {[%mdl 512]} Qxd7 $4 {[%mdl 8192]} (30... Red8 $16 31. Rxd8+ Rxd8 32. Nxh7+ Ke8 33. Rxg7 Nxg7 34. Qxg7 Rd6) 31. Nxd7+ $18 Ke7 32. Rxg7 Rb1+ 33. Kh2 Nxg7 34. Nf6 ({Not} 34. Qxg7 Kxd7 35. Qxh7 (35. Qxf7+ Re7 $16) 35... Re7 $18) 34... Rb6 (34... Ne6 $142 35. Nxe8 Kxe8 36. Qxh7 Ke7) 35. Nd5+ {[%mdl 64] Double Attack} ({Less strong is} 35. Qxg7 Rxf6 36. Qxh7 Rxf2 $14) 35... Kf8 36. Qxh7 {[%cal Rh7h8]} f6 37. Nxc7 Rb2 38. Nxe8 Nxe8 {[%mdl 4096] Endgame KQ-KRN} 39. f3 Rc2 40. h4 Rc7 41. Qh8+ Kf7 42. h5 Re7 43. h6 Kg6 44. Qf8 {Accuracy: White = 86%, Black = 50%.} 1-0

[Event "82nd Tata Steel Qualifiers 2020"]
[Site "Wijk aan Zee"]
[Date "2020.01.26"]
[Round "9.1"]
[White "Vogel, Roven"]
[Black "Zwirs, Nico"]
[Result "1-0"]
[WhiteElo "2465"]
[BlackElo "2418"]
[Annotator "ChessBase"]
[PlyCount "111"]
[EventDate "2020.01.18"]
[EventCountry "NED"]
[SourceTitle "playchess.com"]
[Source "ChessBase"]
[SourceQuality "1"]
[TimeControl "40/6000+30:20/3000+30:900+30"]

1. d4 {[%emt 0:00:00]} d5 {[%emt 0:00:00]} 2. c4 {[%emt 0:00:00]} e6 {[%emt 0:00:00]} 3. Nf3 {[%emt 0:00:00]} Nf6 {[%emt 0:00:02]} 4. Nc3 {[%emt 0:00:04]} c6 {[%emt 0:00:39]} 5. Qd3 {[%emt 0:02:59]} dxc4 {[%emt 0:07:32]} 6. Qxc4 {[%emt 0:00:09]} b5 {[%emt 0:00:09]} 7. Qd3 {[%emt 0:00:53]} Nbd7 {[%emt 0:01:00]} 8. Bg5 {[%emt 0:06:51]} Be7 {[%emt 0:12:31]} 9. g3 {[%emt 0:08:46]} b4 {[%emt 0:06:25]} 10. Nb1 {[%emt 0:02:57]} c5 {[%emt 0:07:06]} 11. Bg2 {[%emt 0:00:29]} Bb7 {[%emt 0:01:16]} 12. Nbd2 {[%emt 0:01:36]} Rc8 {[%emt 0:05:12]} 13. O-O {[%emt 0:01:30]} O-O {[%emt 0:02:12]} 14. a3 {[%emt 0:05:56]} bxa3 {[%emt 0:25:00]} 15. bxa3 {[%emt 0:04:41]} cxd4 {[%emt 0:07:32]} 16. Qxd4 {[%emt 0:04:17]} h6 {[%emt 0:01:49]} 17. Be3 {[%emt 0:00:07]} Bc5 {[%emt 0:01:13]} 18. Qd3 {[%emt 0:01:12]} Nb6 {[%emt 0:04:04]} 19. Qxd8 {[%emt 0:06:51]} Rfxd8 {[%emt 0:00:23]} 20. Bxc5 {[%emt 0:00:09]} Rxc5 {[%emt 0:00:06]} 21. Rfc1 {[%emt 0:00:47]} Rxc1+ {[%emt 0:03:55]} 22. Rxc1 {[%emt 0:00:13]} Rc8 {[%emt 0:00:02]} 23. Rxc8+ {[%emt 0:00:55]} Nxc8 {[%emt 0:00:53]} 24. Ne5 {[%emt 0:00:58]} Bxg2 {[%emt 0:00:12]} 25. Kxg2 {[%emt 0:00:07]} Nd5 {[%emt 0:04:38]} 26. Kf3 {[%emt 0:01:43]} f6 {[%emt 0:01:03]} 27. Nec4 {[%emt 0:01:47]} Kf7 {[%emt 0:01:48]} 28. Ke4 {[%emt 0:00:38]} Ke7 {[%emt 0:01:12]} 29. Kd4 {[%emt 0:00:07]} Kd7 {[%emt 0:01:34]} 30. e4 {[%emt 0:00:50]} Ndb6 {[%emt 0:04:15]} 31. e5 {[%emt 0:01:58]} Kc6 {[%emt 0:04:34]} 32. exf6 {[%emt 0:03:51]} gxf6 {[%emt 0:00:05]} 33. Ne3 {[%emt 0:00:09]} Nd6 {[%emt 0:01:30]} 34. Ng4 {[%emt 0:00:46]} Nb5+ {[%emt 0:00:39]} 35. Kd3 {[%emt 0:00:31]} f5 {[%emt 0:00:38]} 36. Nxh6 {[%emt 0:00:24]} Nxa3 {[%emt 0:00:09]} 37. f3 {[%emt 0:01:25]} Kd6 {[%emt 0:02:58]} 38. g4 {[%emt 0:04:12]} Ke5 {[%emt 0:00:16]} 39. g5 {[%emt 0:00:44]} Nd5 {[%emt 0:00:16]} 40. Nf7+ {[%emt 0:02:46]} Kf4 {[%emt 0:00:07]} 41. g6 {[%emt 0:55:24]} Nf6 {[%emt 0:22:35]} 42. g7 {[%emt 0:00:00]} e5 {[%emt 0:03:07]} 43. h4 {[%emt 0:00:00]} e4+ {[%emt 0:06:43]} 44. fxe4 {[%emt 0:00:00]} fxe4+ {[%emt 0:00:04]} 45. Nxe4 {[%emt 0:00:00]} Ng8 {[%emt 0:00:05]} 46. Ng3 {[%emt 0:00:00]} Nb5 {[%emt 0:05:20]} 47. h5 {[%emt 0:00:00]} Nd6 {[%emt 0:00:24]} 48. h6 {[%emt 0:00:00]} Nxf7 {[%emt 0:00:28]} 49. h7 {[%emt 0:00:00]} Nfh6 {[%emt 0:00:03]} 50. Ne2+ {[%emt 0:00:00]} Kf5 {[%emt 0:00:41]} 51. h8=Q {[%emt 0:00:00]} Kg6 {[%emt 0:00:07]} 52. Nf4+ {[%emt 0:00:00]} Kg5 {[%emt 0:00:36]} 53. Nd5 {[%emt 0:00:00]} Kg6 {[%emt 0:00:08]} 54. Kc4 {[%emt 0:00:00]} Kf7 {[%emt 0:01:35]} 55. Qh7 {[%emt 0:00:00]} Ng4 {[%emt 0:00:20]} 56. Qh5+ {[%emt 0:00:00]} 1-0

[Event "82nd Tata Steel Qualifiers 2020"]
[Site "Wijk aan Zee"]
[Date "2020.01.26"]
[Round "9.2"]
[White "Akash G"]
[Black "Pijpers, Arthur"]
[Result "0-1"]
[WhiteElo "2461"]
[BlackElo "2480"]
[Annotator "ChessBase"]
[PlyCount "92"]
[EventDate "2020.01.18"]
[EventCountry "NED"]
[SourceTitle "playchess.com"]
[Source "ChessBase"]
[SourceQuality "1"]
[TimeControl "40/6000+30:20/3000+30:900+30"]

1. e4 {[%emt 0:06:21]} e6 {[%emt 0:00:00]} 2. d4 {[%emt 0:00:40]} d5 {[%emt 0:00:00]} 3. Nc3 {[%emt 0:00:06]} Nf6 {[%emt 0:00:00]} 4. Bg5 {[%emt 0:00:06]} dxe4 {[%emt 0:00:00]} 5. Nxe4 {[%emt 0:00:08]} Be7 {[%emt 0:00:00]} 6. Bxf6 {[%emt 0:00:32]} gxf6 {[%emt 0:00:00]} 7. Nf3 {[%emt 0:00:08]} f5 {[%emt 0:00:01]} 8. Nc3 {[%emt 0:00:22]} a6 {[%emt 0:00:06]} 9. g3 {[%emt 0:03:14]} b5 {[%emt 0:00:11]} 10. Bg2 {[%emt 0:00:07]} Bb7 {[%emt 0:00:04]} 11. O-O {[%emt 0:07:14]} c5 {[%emt 0:00:07]} 12. Qe1 {[%emt 0:09:09]} cxd4 {[%emt 0:06:53]} 13. Rd1 {[%emt 0:00:30]} Bxf3 {[%emt 0:06:05]} 14. Bxf3 {[%emt 0:00:33]} Ra7 {[%emt 0:00:03]} 15. Ne2 {[%emt 0:04:43]} Rd7 {[%emt 0:00:41]} 16. c3 {[%emt 0:01:40]} dxc3 {[%emt 0:02:09]} 17. Qxc3 {[%emt 0:06:25]} O-O {[%emt 0:08:35]} 18. Nf4 {[%emt 0:03:50]} Qc7 {[%emt 0:04:36]} 19. Qe3 {[%emt 0:03:15]} Qc5 {[%emt 0:09:57]} 20. Qe2 {[%emt 0:14:23]} Rfd8 {[%emt 0:05:17]} 21. Rc1 {[%emt 0:06:27]} Qb4 {[%emt 0:08:01]} 22. a3 {[%emt 0:04:55]} Qd2 {[%emt 0:03:59]} 23. Rfd1 {[%emt 0:02:33]} Qxe2 {[%emt 0:01:53]} 24. Bxe2 {[%emt 0:01:03]} Rxd1+ {[%emt 0:03:32]} 25. Rxd1 {[%emt 0:01:53]} Rxd1+ {[%emt 0:01:48]} 26. Bxd1 {[%emt 0:00:07]} Nc6 {[%emt 0:00:03]} 27. Kg2 {[%emt 0:10:21]} Kf8 {[%emt 0:13:58]} 28. a4 {[%emt 0:06:42]} bxa4 {[%emt 0:04:10]} 29. Bxa4 {[%emt 0:00:08]} Nb4 {[%emt 0:00:14]} 30. Bd1 {[%emt 0:02:44]} Bg5 {[%emt 0:05:00]} 31. Ne2 {[%emt 0:01:52]} Ke7 {[%emt 0:00:29]} 32. f4 {[%emt 0:01:57]} Bf6 {[%emt 0:00:04]} 33. b3 {[%emt 0:00:03]} Kd6 {[%emt 0:01:11]} 34. Kf3 {[%emt 0:00:53]} Nd5 {[%emt 0:03:27]} 35. h3 {[%emt 0:02:32]} h5 {[%emt 0:06:12]} 36. Nc1 {[%emt 0:02:29]} Kc5 {[%emt 0:00:31]} 37. Be2 {[%emt 0:00:55]} a5 {[%emt 0:00:15]} 38. Na2 {[%emt 0:00:53]} h4 {[%emt 0:03:18]} 39. g4 {[%emt 0:05:33]} fxg4+ {[%emt 0:01:19]} 40. Kxg4 {[%emt 0:01:54]} Be7 {[%emt 0:08:42]} 41. Kf3 {[%emt 0:14:55]} f5 {[%emt 0:14:12]} 42. Ba6 {[%emt 0:11:42]} Bd6 {[%emt 0:02:07]} 43. Nc1 {[%emt 0:00:24]} Nxf4 {[%emt 0:00:24]} 44. Nd3+ {[%emt 0:00:30]} Nxd3 {[%emt 0:00:06]} 45. Bxd3 {[%emt 0:00:04]} Kd4 {[%emt 0:01:08]} 46. Bb5 {[%emt 0:00:22]} e5 {[%emt 0:00:11]} 0-1